000 01420nam a2200373 i 4500
001 13733
003 KOSZ 005
005 20220222133254.0
008 080802s1968 pl a f 000 0 pol
015 _aPB 1965/9350
040 _aWA N
_cWA N
_dKOSZ 005/RW
080 _a338.98(438)
080 _a711
080 _a351.82
100 1 _aBiegańska, Irena.
_eAutor
245 1 0 _aPrzepisy prawne dotyczące miejscowego planowania przestrzennego.
_nT. 2 /
_czebrali i opracowali Irena Biegańska, Zofia Bukowska, Władysław Sieroszewski ; Instytut Urbanistyki i Architektury.
250 _aWydanie 2.
260 _aWarszawa :
_bWydawnictwo Katalogów i Cenników,
_c1968.
300 _a536, [1] stron :
_bilustracje ;
_c25 cm.
336 _aTekst
_btxt
_2rdacontent
337 _aBez urządzenia pośredniczącego
_bn
_2rdamedia
338 _aWolumin
_bnc
_2rdacarrier
380 _aKsiążki.
658 _aArchitektura i budownictwo
658 _aPrawo i wymiar sprawiedliwości
651 4 _aPolska
650 4 _aPlanowanie przestrzenne
650 4 _aPrawo
700 1 _aBukowska, Zofia Anna.
_eAutor
700 1 _aSieroszewski, Władysław
_d(1900-1996).
_eAutor
710 2 _aWydawnictwo Katalogów i Cenników
_4pbl.
856 _uhttp://koha.tu.koszalin.pl/cgi-bin/koha/opac-detail.pl?biblionumber=13733
_yKatalog online BPK
942 _2UKD
_cKS
999 _c13733
_d13733